Cuaderno de Trabajo /
Salvato in:
| Ente Autore: | |
|---|---|
| Natura: | Libro |
| Lingua: | Spanish |
| Pubblicazione: |
México D.F.:
CINAS
|
| Soggetti: | |
| Tags: |
Aggiungi Tag
Nessun Tag, puoi essere il primo ad aggiungerne!!
|
MARC
| LEADER | 00000nam a22000007a 4500 | ||
|---|---|---|---|
| 003 | cru CIDCACS/IIS | ||
| 005 | 20220317092222.0 | ||
| 007 | ta | ||
| 008 | 170217| mx ||||| |||| 00| 0 spa d | ||
| 040 | |c cru CIDCACS/IIS | ||
| 090 | |a REV0247 | ||
| 110 | 2 | |9 3228 |a Centro de Investigación y Acción Social | |
| 245 | 1 | |a Cuaderno de Trabajo / |c Centro de Investigación y Acción Social | |
| 260 | |a México D.F.: |b CINAS | ||
| 270 | |e Apdo. 5-7401 06550 | ||
| 310 | |a Irregular | ||
| 500 | |a EXISTENCIAS:1983 (1, 10) 1985 (4-5) 1986 (7-8) 1987 (9-10) 1988 (11) 1990 (12) | ||
| 650 | 4 | |9 3217 |a PROBLEMAS POLITICOS | |
| 650 | 1 | 0 | |9 70 |a FUERZAS ARMADAS |
| 650 | 4 | |9 3229 |a PLANES DE PAZ | |
| 650 | 4 | |9 3230 |a DIALOGO | |
| 650 | 1 | 0 | |a POLITICA FISCAL |9 5175 |
| 650 | 4 | |9 2655 |a POLITICA ECONOMICA | |
| 651 | 4 | |9 1928 |a EL SALVADOR | |
| 942 | |2 ddc |c PP | ||
| 999 | |c 18966 |d 18966 | ||
